00544 2200205 4500001002100000008004100021035002000062245004800082100002100130250001000151260003000161300002300191020002200214084001800236520002600254082001100280650002300291990001200314990001200326INLIS000000000015030 ind  a0010-1222000109 aFikih WanitacMuiz al Bantani;editor, Ilham aMUIZ, al Bantani acet.3 aMuliabTanggerang :c2019 ax, 330 hlmc23 cm. a978-602-61228-6-5 a297.496 MUI f aBibliografi.: 330 hlm a297496 aISLAM.FIKIH WANITA a10238 a a10238 b